Statistiche per Ricostruisci la Carriera del Calciatore - Arkadiusz Milik

Clicka qui per fare il quiz!

Statistiche generali

  • Questo quiz è stato fatto 4 volte
  • Il punteggio medio è 6 su 7

Statistiche sulle risposte

HintRisposta% Corretto
2013-2014Augusta
100%
2022- Juventus
100%
2016-2021 Napoli
100%
2014-2016 Ajax
75%
2011-2013 Górnik Zabrze
75%
2021-2022 Olympique Marsiglia
75%
2013 Bayer Leverkusen
25%

Distribuzione punteggi

Percentile per numero di risposta

Percentuale di utenti per punteggio

I tuoi punteggi nel tempo

Non hai fatto questo quiz